000 00762cab a2200217 4500
001 WB3137-16
008 090401t1995 xxu||||| |||| 00| 0 eng d
035 _a(Sirsi) u15431
041 _aeng
245 _aOffice recovery recedes yet again
260 _c1995
350 _a0
490 _aTimes
_v4 October 1995, 34(1)
520 _aJones Lang Wootton`s biannual property confidence review forecasts a low turnover of office space take-up and vacation as business confidence recedes.
650 _aBUSINESS CONFIDENCE
650 _aPROPERTY-COMMERCIAL PROPERTY-OFFICE PROPERTY-OFFICE PROPERTY MARKET
650 _aPROPERTY CONFIDENCE REVIEW
690 _aPROPERTY-COMMERCIAL PROPERTY-COMMERCIAL PROPERTY MARKET
942 _n0
948 _c04/03/1997
999 _c10119
_d10119